Three-Named People - Statistics

General Stats
  • This quiz has been taken 47 times
    38 since last reset
  • The average score is 9 of 10
Answer Stats
Question Answer % Correct
Lee Harvey Oswald Criminal who assasinated John F. Kennedy
100%
Lana Del Rey Musician
100%
Edgar Allan Poe Poet
100%
George Walker Bush US President
97%
James Earl Jones Actor
95%
Billie Joe Armstrong Musician
95%
Kareem Abdul-Jabbar US Basketball Player
95%
Sacha Baron Cohen Actor
89%
Neill Patrick Harris Actor
89%
Alexandria Ocasio-Cortez Politician
74%
No matching quizzes found
Score Distribution
Percent of People with Each Score
Percentile by Number Answered
Your Score History
You have not taken this quiz since the last reset